One Syllable Words That End in "-ash" - Statistics

General Stats
  • This quiz has been taken 314 times
  • The average score is 23 of 30
Answer Stats
Answer % Correct
Bash
98%
Mash
98%
Lash
97%
Rash
97%
Cash
96%
Crash
94%
Dash
94%
Hash
93%
Ash
91%
Clash
90%
Gash
89%
Wash
89%
Brash
88%
Trash
87%
Sash
86%
Flash
83%
Stash
82%
Smash
77%
Slash
76%
Pash
73%
Fash
67%
Splash
67%
Quash
55%
Plash
54%
Snash
53%
Gnash
51%
Squash
48%
Swash
48%
Leash
39%
Thrash
39%
No matching quizzes found
Score Distribution
Percent of People with Each Score
Percentile by Number Answered
Your Score History
You have not taken this quiz